Normal view
MARC view
Entry Topical Term
001 - CONTROL NUMBER
- control field: 47636
003 - CONTROL NUMBER IDENTIFIER
- control field: OSt
005 - DATE AND TIME OF LATEST TRANSACTION
- control field: 20240913114114.0
008 - FIXED-LENGTH DATA ELEMENTS
- fixed length control field: 240913|| aca||aabn | a|a d
040 ## - CATALOGING SOURCE
- Original cataloging agency: OSt
- Transcribing agency: OSt
150 ## - HEADING--TOPICAL TERM
- Topical term or geographic name entry element: Indian civil service, New public management, 21st century reforms, Transparency, Accountability.
670 ## - SOURCE DATA FOUND
- Source citation: Work cat.: (OSt): Patel, Amit and Kandasamy, S. 47635, Beyond tradition: The dynamic reforms of Indian civil services
